<?xml version="1.0" encoding="UTF-8"?>
<record
    xmlns:xsi="http://www.w3.org/2001/XMLSchema-instance"
    xsi:schemaLocation="http://www.loc.gov/MARC21/slim http://www.loc.gov/standards/marcxml/schema/MARC21slim.xsd"
    xmlns="http://www.loc.gov/MARC21/slim">

  <leader>01582nam a2200181   4500</leader>
  <datafield tag="999" ind1=" " ind2=" ">
    <subfield code="c">510443</subfield>
    <subfield code="d">510443</subfield>
  </datafield>
  <controlfield tag="008">190817b           ||||| |||| 00| 0 eng d</controlfield>
  <datafield tag="100" ind1=" " ind2=" ">
    <subfield code="a">Liang, Jiaqi</subfield>
    <subfield code="9">8471</subfield>
  </datafield>
  <datafield tag="245" ind1=" " ind2=" ">
    <subfield code="a">Linking anticorruption threats, performance pay, administrative outputs, and policy outcomes in China</subfield>
  </datafield>
  <datafield tag="260" ind1=" " ind2=" ">
    <subfield code="c">2019</subfield>
  </datafield>
  <datafield tag="300" ind1=" " ind2=" ">
    <subfield code="a">p.177-194.</subfield>
  </datafield>
  <datafield tag="520" ind1=" " ind2=" ">
    <subfield code="a">Little is known about the effects of two prominent public sector reforms&#x2014;anticorruption efforts and high&#x2010;powered incentive systems&#x2014;on the accomplishment of policy goals in the absence of the rule of law and in the presence of an extrinsic incentive to take advantage of corruption to achieve performance targets. This study explores how performance rewards and anticorruption efforts jointly affect administrative outputs and policy outcomes. We examine China's air pollution control policy with province&#x2010;level panel data. The analysis shows that performance rewards prompt administrative outputs that are linked to the incentive structure. Anticorruption activities have small significant, positive effects on those outputs only prior to the inception of high&#x2010;powered rewards, but have no significant effect on policy outcomes, regardless of the measure. The introduction of performance incentives contributes to the achievement of policy outcomes only when their measurement is subject to government manipulation. - Reproduced.</subfield>
  </datafield>
  <datafield tag="650" ind1=" " ind2=" ">
    <subfield code="a">Public sector reforms</subfield>
    <subfield code="9">8472</subfield>
  </datafield>
  <datafield tag="650" ind1=" " ind2=" ">
    <subfield code="a">Air pollution</subfield>
    <subfield code="9">8473</subfield>
  </datafield>
  <datafield tag="700" ind1=" " ind2=" ">
    <subfield code="a">Langbein, Laura</subfield>
    <subfield code="9">8474</subfield>
  </datafield>
  <datafield tag="773" ind1=" " ind2=" ">
    <subfield code="a">Public Administration</subfield>
  </datafield>
  <datafield tag="906" ind1=" " ind2=" ">
    <subfield code="a">Corruption - China</subfield>
  </datafield>
  <datafield tag="942" ind1=" " ind2=" ">
    <subfield code="2">ddc</subfield>
    <subfield code="c">AR</subfield>
  </datafield>
  <datafield tag="952" ind1=" " ind2=" ">
    <subfield code="0">0</subfield>
    <subfield code="1">0</subfield>
    <subfield code="2">ddc</subfield>
    <subfield code="4">0</subfield>
    <subfield code="7">0</subfield>
    <subfield code="9">384375</subfield>
    <subfield code="a">IIPA</subfield>
    <subfield code="b">IIPA</subfield>
    <subfield code="d">2019-08-17</subfield>
    <subfield code="h">97(a), 2019: p.177-194. </subfield>
    <subfield code="p">AR120324</subfield>
    <subfield code="r">2019-08-17</subfield>
    <subfield code="y">AR</subfield>
  </datafield>
</record>
